|
|
|
|
| LEADER |
00654cam a2200157ua 4500 |
| 020 |
|
|
|a 8176467030
|
| 082 |
1 |
4 |
|a 021.65
|b JOT/I
|
| 100 |
1 |
|
|a Joteen Singh, R K .
|
| 245 |
1 |
0 |
|a Information and library network programme in 21 century
|
| 260 |
|
|
|a Delhi :
|b B R ,
|c 2010.
|
| 300 |
|
|
|a 169p. ;
|
| 650 |
|
0 |
|a Library Network
|
| 942 |
|
|
|c BK
|
| 999 |
|
|
|c 47865
|d 47865
|
| 952 |
|
|
|0 0
|1 0
|4 0
|6 021_650000000000000_JOTI
|7 0
|8 Stack
|9 61694
|a KUCL
|b KUCL
|c Stack
|d 2018-07-20
|g 995.00
|l 0
|o 021.65 JOT/I
|p 46727
|r 2018-07-20
|w 2018-07-20
|y BK
|
| 952 |
|
|
|0 0
|1 0
|4 0
|6 021_650000000000000_JOTI
|7 0
|8 Stack
|9 61733
|a KUCL
|b KUCL
|c Stack
|d 2018-07-21
|g 995.00
|l 0
|o 021.65 JOT/I
|p 46740
|r 2018-07-21
|w 2018-07-21
|y BK
|